MDQL
is popping MORE tags! Check the
thread
!
Quizzes
Events
Quiz Creation
Community
Videos
Private Events
Remove Ads
Sign In
Join for FREE
Feedback
Dark Mode
Quiz Categories
Sports
Geography
Music
Movies
Television
Just For Fun
Miscellaneous
History
Literature
Language
Science
Gaming
Entertainment
Religion
Holiday
For Kids
Quiz Lab
Recent
Popular Today
Quiz Kudos Today
Editor Picks
Curator Picks
Quizzes by...
Day
Popularity
Type
Ratings
Length
Year
Community
Subscriptions
Recent Discussions
Orange Saloon
Badges
Playlists
Quests
Create
Leaderboards
Showdown
Live 5
Trivia Bingo
Activity
Puzzle Library
Sporcle Events
Private Events
Virtual Trivia
Globe League
Become a Host
Pub Owners
SporcleCon
Opinionation
Our Games
Videos
Blog
Mobile Apps
Partnerships
Remove Ads and Go Orange
Feedback
Music
Pop Music
The Beatles
Song
Album
Lyrics
Bands
Singers
Artist
Clip
Rock
Rap
Classical
Billboard
Country Music
Kpop
Taylor Swift
Music
Pop Music
The Beatles
Song
Album
Lyrics
Bands
Singers
Artist
Clip
Rock
Rap
Classical
Billboard
Country Music
Kpop
Taylor Swift
Random Quiz
Search Sporcle
×
Quiz Lab
Quiz Lab
Music
Song
Type in answers that appear in a list
Type in answers that appear in a list
Classic
Best Score? Go Orange.
Pulp Songs Stats
Can you name the Pulp Songs from His 'N' Hers to We Love Life?
By
Danigmatic
10m
45 Questions
329 Plays
329 Plays
329 Plays
Comments
Comments
Give Quiz Kudos
Give Quiz Kudos
-
- Ratings
hide this ad
Replay
Link that replays current quiz
Next Quiz
Link to next quiz in quiz playlist
You Got
0%
They Got
Avg Score
57%
Avg Friend Score
Upgrade to see
Score Distribution
Jump to the score distribution portion of the page
Score
0/45
Timer
10:00
0
Plays Today
% Correct
Common People
93.3%
Babies
90.5%
Disco 2000
87.5%
Do You Remember The First Time?
83.8%
Mis-Shapes
82.9%
This Is Hardcore
81.7%
Bar Italia
79.3%
Lipgloss
78.4%
Pencil Skirt
76.8%
F.E.E.L.I.N.G.C.A.L.L.E.D.L.O.V.E.
72.6%
Something Changed
72.3%
Joyriders
71.6%
Help The Aged
71.6%
I Spy
66.8%
Sorted For E's & Wizz
66.8%
The Trees
66.5%
Pink Glove
65.9%
The Fear
65.9%
Monday Morning
64.6%
Dishes
64.6%
Acrylic Afternoons
63.1%
Live Bed Show
60.7%
Party Hard
60.7%
% Correct
David's Last Summer
60.1%
Bad Cover Version
56.4%
Sunrise
52.7%
A Little Soul
50.3%
Sylvia
48.5%
Have You Seen Her Lately?
47.9%
She's A Lady
46.6%
Seductive Barry
45.1%
Glory Days
45.1%
Someone Like The Moon
44.5%
Weeds I
43.3%
The Day After The Revolution
40.9%
Happy Endings
39.6%
I'm A Man
39.3%
TV Movie
38.4%
Wickerman
37.8%
I Love Life
35.1%
Birds In Your Garden
35.1%
Night That Minnie Timperley Died
31.1%
Roadkill
28%
Bob Lind (The Only Way Is Down)
19.8%
Weeds II (Origin Of The Species)
19.2%
Quiz Playlist
Details
Report
Send in Message
Add To Playlist
Classic:
Type in answers that appear in a list
Last Updated: Feb 16, 2017
Quiz Scoreboard
CHALLENGE
Sign Up to Join the Scoreboard
Show All
Scores
Hide
Comments
May contain spoilers
Recently Published
1-10 Letter E Words III
by El_Dandy
Language
2m
Street Fighter Characters
by Artimus82
Gaming
60s
College Basketball Coaching Resumes
by pancakes188
Sports
9m
More to Explore
Quiz From the Vault
Featured Blog Post
Where Did the Easter Bunny Come From?
hide this ad
You Might Also Like...
Tags
Song Quiz
pulp
Today's Top Quizzes in Music
Browse Music
hide this ad
Today's Top Quizzes in Song
Browse Song
Top Contributed Quizzes in Music
1
Taylor Swift All Songs (2024)
2
Taylor Swift Logic Puzzle
3
Guess the Artist- 70s Songs
4
7-to-1: Billboard Hot 100 #1 Hits of 2010s
5
Sorting Albums and Songs
6
KPOP LOGIC QUIZ
7
Billboard Blitz: Aretha Franklin
8
Guess the Taylor Swift song (Mystery Song)
9
Guess The Taylor Swift Lyrics Song #1
10
Billboard Blitz: ABBA
Explore More
Trending Topics
Anime
Disney
Marvel
Harry Potter
Crossword
Kpop
NBA
The Office
WWE
Country
Puzzle
Song
Soccer
Pokémon
NFL
hide this ad
More By:
Danigmatic
Quiz
Plays
Rating
Category
Featured
Created
Reading Festival Headliners
535
3.17
Music
Oct 12, 2009
Pulp Songs
329
3.00
Music
Apr 22, 2011
3DMM Props
14
Just For Fun
Aug 18, 2012
Go to Creator's Profile
Score Distribution
Quiz Creator Spotlight
Danigmatic
Follow
Send a Message
Quizzes Created
-
Created Quiz Play Count
-
More By This Creator
Popular Quizzes Today
1
Find the US States - No Outlines Minefield
2
Find the Countries of Europe - No Outlines Minefield
3
The Countries of the World
4
Find the US States
5
Risky Map Clicking: Biggest States A-Z
6
US States
7
Popular People in 1961
8
Movies - When Are They Set?
More Music Quizzes
Rapper or Singer?
Curator's Pick
Trending Quizzes
Risky Map Clicking: Least Populous States A-Z
1-10 Letter G Words
USA Borders Longest to Shortest
1-10 Letter F Words
Countries of the World: 200 Million BC
Recently Updated
Leaping Animals
pecheneg
Reality TV Shows (A-Z)
bhenderson79
Rickey Henderson's Hall of Fame Teammates
pecheneg
Champions League XIs: Arsenal
pecheneg
Quick Pick: Celebrities in WWE's Hall of Fame
aduchscher
A-Z Keypad Blitz II
pecheneg
Multiple Oscar Actors
pecheneg
Mystery Phrase Blitz: Oscar 'Best Actors'
pecheneg
F. Scott Fitzgerald Novels
LTH
Pick 3 Villains
ddd62291
Trending Topics
Disney
Kpop
Crossword
Harry Potter
Anime
Marvel
NBA
NFL
Soccer
WWE
Puzzle
Pokémon
Song
The Office
Country
Your Account Isn't Verified!
In order to create a playlist on Sporcle, you need to verify the email address you used during registration. Go to your
Sporcle Settings
to finish the process.
Report this User
Report this user for behavior that violates our
Community Guidelines
.
Details:
Send Report
Go to the Sporcle.com Mobile Site →
Comments